Visual complexity : mapping patterns of information / (Record no. 1589)

000 -LEADER
fixed length control field 01075cam a22003014a 4500
001 - CONTROL NUMBER
control field 16566570
003 - CONTROL NUMBER IDENTIFIER
control field OSt
005 - DATE AND TIME OF LATEST TRANSACTION
control field 20150325172306.0
008 - FIXED-LENGTH DATA ELEMENTS--GENERAL INFORMATION
fixed length control field 101203s2011 nyua b 001 0 eng
010 ## - LIBRARY OF CONGRESS CONTROL NUMBER
LC control number 2010051250
020 ## - INTERNATIONAL STANDARD BOOK NUMBER
International Standard Book Number 9781568989365 (alk. paper)
035 ## - SYSTEM CONTROL NUMBER
System control number (OCoLC)ocn664674853
040 ## - CATALOGING SOURCE
Original cataloging agency DLC
Transcribing agency DLC
Modifying agency YDX
-- BTCTA
-- YDXCP
-- ORX
-- OMB
-- UKMGB
-- CDX
-- DLC
042 ## - AUTHENTICATION CODE
Authentication code pcc
050 00 - LIBRARY OF CONGRESS CALL NUMBER
Classification number Q223.L55 2011
082 00 - DEWEY DECIMAL CLASSIFICATION NUMBER
Classification number 003/.54
Edition number 22
100 1# - MAIN ENTRY--PERSONAL NAME
Personal name Lima, Manuel,
Dates associated with a name 1978-
245 10 - TITLE STATEMENT
Title Visual complexity : mapping patterns of information /
Statement of responsibility, etc Manuel Lima.
246 30 - VARYING FORM OF TITLE
Title proper/short title Mapping patterns of information
260 ## - PUBLICATION, DISTRIBUTION, ETC. (IMPRINT)
Place of publication, distribution, etc New York :
Name of publisher, distributor, etc Princeton Architectural Press,
Date of publication, distribution, etc c2011.
300 ## - PHYSICAL DESCRIPTION
Extent 272 p. :
Other physical details ill. (some col.) ;
Dimensions 28 cm.
504 ## - BIBLIOGRAPHY, ETC. NOTE
Bibliography, etc Includes bibliographical references (p. 258-262) and index.
650 #0 - SUBJECT ADDED ENTRY--TOPICAL TERM
Topical term or geographic name as entry element Communication in science
General subdivision Graphic methods.
650 #0 - SUBJECT ADDED ENTRY--TOPICAL TERM
Topical term or geographic name as entry element Visual communication.
906 ## - LOCAL DATA ELEMENT F, LDF (RLIN)
a 7
b cbc
c orignew
d 1
e ecip
f 20
g y-gencatlg
942 ## - ADDED ENTRY ELEMENTS (KOHA)
Source of classification or shelving scheme
Koha item type Book
Holdings
Withdrawn status Lost status Source of classification or shelving scheme Damaged status Not for loan Home library Current library Shelving location Date acquired Total Checkouts Full call number Barcode Date last seen Copy number Price effective from Koha item type
          Riara University Library Riara University Library General stack 25/03/2015   Q223.L55 2011 5442/15 25/03/2015 C.1 25/03/2015 Book
          Riara University Library Riara University Library General stack 25/03/2015   Q223.L55 2011 5443/15 25/03/2015 C.2 25/03/2015 Book
          Riara University Library Riara University Library General stack 25/03/2015   Q223.L55 2011 5444/15 25/03/2015 C.3 25/03/2015 Book

Riara University Library,
P.O. Box 49940-00100,
Nairobi, Kenya.